Teams that Gianluigi Buffon Played For - Statistics

General Stats
  • This quiz has been taken 321 times
    272 since last reset
  • The average score is 6 of 6
Answer Stats
Years Apps Team % Correct
2001-2018 509 Juventus
99%
2019-2021 17 Juventus
99%
2018-2019 17 Paris Saint-Germain
92%
1995-2001 168 Parma
90%
2021-2023 43 Parma
90%
1997-2018 176 Italy
84%
No matching quizzes found
Score Distribution
Percent of People with Each Score
Percentile by Number Answered
Your Score History
You have not taken this quiz since the last reset